Facts about Korea
Salvato in:
| Natura: | Libro |
|---|---|
| Lingua: | inglese |
| Pubblicazione: |
Seoul
Korean Overseas Information Service
2005
|
| Soggetti: | |
| Tags: |
Nessun Tag, puoi essere il primo ad aggiungerne!!
|
MARC
| LEADER | 00000nam$a2200000$$$4500 | ||
|---|---|---|---|
| 001 | 0038371 | ||
| 005 | 20221129082553.8 | ||
| 020 | |a 89-7375-101-8 03910 | ||
| 041 | 0 | |a eng | |
| 044 | |a KP | ||
| 245 | 1 | 0 | |a Facts about Korea |
| 264 | 1 | |a Seoul |b Korean Overseas Information Service |c 2005 | |
| 300 | |a 227 s. | ||
| 610 | 2 | 0 | |a geografia |
| 610 | 2 | 0 | |a obyvateľstvo |
| 610 | 2 | 0 | |a história |
| 610 | 2 | 0 | |a ústava |
| 610 | 2 | 0 | |a vláda |
| 610 | 2 | 0 | |a vzťahy medzinárodné |
| 610 | 2 | 0 | |a politika hospodárska |
| 610 | 2 | 0 | |a politika sociálna |
| 610 | 2 | 0 | |a vzdelanie |
| 610 | 2 | 0 | |a doprava |
| 610 | 2 | 0 | |a komunikácia |
| 610 | 2 | 0 | |a médiá |
| 610 | 2 | 0 | |a kultúra |
| 610 | 2 | 0 | |a štýl životný |
| 610 | 2 | 0 | |a náboženstvo |
| 610 | 2 | 0 | |a turistika |
| 610 | 2 | 0 | |a Kórea |